LEADER 01290nam--2200385---450- 001 990003660980203316 005 20120514140409.0 010 $a978-88-387-6620-7 035 $a000366098 035 $aUSA01000366098 035 $a(ALEPH)000366098USA01 035 $a000366098 100 $a20120514d2011----km-y0itay50------ba 101 $aita 102 $aIT 105 $a||||||||001yy 200 1 $a<> tribunale per i minorenni$ele competenze civile$eratio, commento, giurisprudenza, mappa,, formulario$fSergio Ciccarello, Damiano Marinelli 210 $aSantarcangelo di Romagna$cMaggioli$d2011 215 $a184 p.$d24 cm$e1 cd-rom 225 2 $a<> essenziali per l'avvocato$v15 410 0$12001$a<> essenziali per l'avvocato$v15 606 0 $aTribunali per i minorenni$2BNCF 676 $a345.45087 700 1$aCICCARELLO,$bSergio$0612302 701 1$aMARINELLI,$bDamiano$0605709 801 0$aIT$bsalbc$gISBD 912 $a990003660980203316 951 $aXXVII.1.B. 421$b72296 G.$cXXVII.1.B.$d00310594 959 $aBK 969 $aGIU 979 $aCHIARA$b90$c20120514$lUSA01$h1401 979 $aCHIARA$b90$c20120514$lUSA01$h1402 979 $aCHIARA$b90$c20120514$lUSA01$h1404 996 $aTribunale per i minorenni$91138824 997 $aUNISA LEADER 00850nam0 2200301 i 450 001 996508272303316 005 20230214122232.0 010 $a978-88-575-6538-5 100 $a20210202d2020----||||0itac50 ba 101 $aita 102 $aIT 200 1 $aCristo e il tempio di Demetra$fNunzio Beddia, Aristide Bonfilius 210 1 $aMilano$aUdine$cMimesis$d2020 215 $a306 p.$d21 cm 225 2 $aMimesis 410 0$aMimesis 500 10$aCristo e il tempio di Demetra$93004739 606 0 $aRedenzione$2BNCF 676 $a234.3 700 1$aBEDDIA,$bNunzio$01275235 701 1$aBONFILIUS,$bAristide$01275236 801 0$aIT$bcba$bcba$gREICAT 912 $a996508272303316 951 $aII.2. 6608$b279422 L.M.$cII.2.$d553015 959 $aBK 969 $aUMA 996 $aCristo e il tempio di Demetra$93004739 997 $aUNISA LEADER 00955nam 2200325 450 001 996280831503316 005 20231206213718.0 010 $a1-5044-0183-2 035 $a(CKB)3710000000553735 035 $a(NjHacI)993710000000553735 035 $a(EXLCZ)993710000000553735 100 $a20231206d1933 uy 0 101 0 $aeng 135 $aur||||||||||| 181 $ctxt$2rdacontent 182 $cc$2rdamedia 183 $acr$2rdacarrier 200 10$aAIEE No 18-1934 (ASA C55 1934) $eAIEE Standards for Capacitors /$fInstitute of Electrical and Electronics Engineers 210 1$aPiscataway, New Jersey :$cIEEE,$d1933. 215 $a1 online resource (203 pages) 517 $aAIEE No 18-1934 606 $aCapacitors 615 0$aCapacitors. 676 $a621.315 801 0$bNjHacI 801 1$bNjHacl 906 $aDOCUMENT 912 $a996280831503316 996 $aAIEE No 18-1934 (ASA C55 1934)$93646693 997 $aUNISA